| LEADER | 01371nam a2200397 a 4500 | ||
|---|---|---|---|
| 001 | 000041698 | ||
| 003 | 21780 | ||
| 005 | 20201110152746.0 | ||
| 008 | 171030s2004 | ||
| 020 | |a 7561907974 | ||
| 040 | |a Lnn |c Lnn |d Lnn | ||
| 041 | 0 | |a chi |a eng | |
| 082 | 1 | 4 | |a 495.180076 |b CH-S |
| 100 | 1 | |a 陈 田 顺. | |
| 245 | 1 | 0 | |a HSK 中 国 汉 语 水 平 考 试 模 拟 试 题 集 (高 等) / |c 陈 田 顺 ; 应 俊 玲 副 主 编 ; 编者:王 世 生...[et al.]. |
| 260 | |a 北京 : |b 北 京 语 言 文 化 大 学 出 版 社, |c 2004. | ||
| 300 | |a 234 页 ; |c 26 cm. | ||
| 520 | 3 | |a 模 拟 试 题; 单项练习题. | |
| 630 | 0 | 4 | |a 汉语. |
| 630 | 0 | 4 | |a 水平考试指南. |
| 650 | 0 | 4 | |a 汉语 |x 水平考试 |x 指南. |
| 700 | 1 | |a 应俊玲, |e 副主编. | |
| 700 | 1 | |a 王 世 生, |e 编者. | |
| 700 | 1 | |a 高 典, |e 编者. | |
| 700 | 1 | |a 徐 燕军, |e 编者. | |
| 700 | 1 | |a ...[et al.] | |
| OWN | |a LNN | ||
| 902 | |a TKR | ||
| AVA | |a UDN50 |b LNN |c Chinese |d 495.18 CH-S |e available |t Error 5001 Not defined in file expand_doc_bib_avail. |f 2 |g 0 |h N |i 0 |j TN |k 1 | ||
| 999 | |a From the UDN01 | ||
| AVA | |a UDN50 |b LNN |c Chinese |d 495.18 CH-S |e available |t Error 5001 Not defined in file expand_doc_bib_avail. |f 2 |g 0 |h N |i 0 |j TN |k 1 | ||
| TYP | |a Monograph | ||
| TYP | |a Printed language | ||
| 980 | |a Mạng thư viện Đại học Đà Nẵng | ||


